Histoire du drapeau du Mali - Statistiques

Statistiques générales
  • Ce quiz a été pris 171 fois
  • Le résultat moyen est 4 sur 6
Statistiques - réponses
Hint Réponse % Correct
Mali (drapeau actuel depuis 1960)
88%
Soudan français (1890-1959)
79%
Fédération du Mali (1959-1960)
74%
Empire du Macina (1818-1862)
65%
Empire du Mali (1235-1610)
57%
Empire Ouassoulou (1878-1890)
52%
Aucun quiz correspondant
Distribution des résultats
% des personnes avec chaque résultat
Percentile par nombre de réponses
Votre historique - résultats
Vous n’avez pas pris ce quiz